| 000 | 00944nam a2200289 a 4500 | ||
|---|---|---|---|
| 999 |
_c532001 _d532001 |
||
| 001 | 1986148 | ||
| 003 | NUST | ||
| 005 | 20191106103809.0 | ||
| 008 | 890414s1989 enk b 001 0 eng | ||
| 010 | _a 89132829 | ||
| 020 | _a0421311908 | ||
| 038 | _aMSOHAIL | ||
| 040 |
_aDLC _cDLC _dDLC |
||
| 043 | _ae-uk--- | ||
| 050 | 0 | 0 |
_aKD1040 _b.S28 1989 |
| 082 | 0 | 0 |
_a343.41094 _a344.10394 _220 |
| 100 | 1 |
_aSauvain, Stephen J. _925263 |
|
| 245 | 1 | 0 |
_aHighway law / _cby Stephen J. Sauvain. |
| 250 | _a2nd | ||
| 260 |
_aLondon : _bSweet & Maxwell ; _aAgincourt, Ont. : _bCanada and U.S.A. [distributed by] Carswell Co., _c1989. |
||
| 300 |
_alxxiv, 404 p. ; _c26 cm. |
||
| 504 | _aIncludes bibliographical references and index. | ||
| 650 | 0 |
_aHighway law _zGreat Britain. _925264 |
|
| 906 |
_a7 _bcbc _corignew _d2 _encip _f19 _gy-gencatlg |
||
| 942 |
_2ddc _cBK |
||